تخطي إلى المحتوى

Russian Laws on Indigenous Issues. Guarantees, Communities, Territories of Traditional Land Use: Translated and Commented

محفوظ في:
التفاصيل البيبلوغرافية
المؤلف الرئيسي: Zadorin M.
مؤلفون آخرون: Klisheva O., Vezhlivtseva K., Antufieva D.
التنسيق: Книга
اللغة:Russian
منشور في: Архангельск САФУ 2017
الوصول للمادة أونلاين:https://e.lanbook.com/book/227021
https://e.lanbook.com/img/cover/book/227021.jpg
الوسوم: إضافة وسم
لا توجد وسوم, كن أول من يضع وسما على هذه التسجيلة!
LEADER 01043nam0a2200265 i 4500
001 227021
003 RuSpLAN
005 20221220174153.0
008 221220s2017 ru gs 000 0 rus
020 |a 978-952-337-027-2 
040 |a RuSpLAN 
041 0 |a rus 
044 |a ru 
245 0 0 |a Russian Laws on Indigenous Issues. Guarantees, Communities, Territories of Traditional Land Use: Translated and Commented  |c Zadorin M.,Klisheva O.,Vezhlivtseva K.,Antufieva D. 
260 |a Архангельск  |b САФУ  |c 2017 
300 |a 42 с. 
504 |a Библиогр.: доступна в карточке книги, на сайте ЭБС Лань 
521 8 |a Книга из коллекции САФУ - Языкознание и литературоведение 
100 1 |a Zadorin M. 
700 1 |a Klisheva O. 
700 1 |a Vezhlivtseva K. 
700 1 |a Antufieva D. 
856 4 |u https://e.lanbook.com/book/227021 
856 4 8 |u https://e.lanbook.com/img/cover/book/227021.jpg 
953 |a https://e.lanbook.com/img/cover/book/227021.jpg